The usborne living world encyclopedia / (Record no. 5690)

MARC details
000 -LEADER
fixed length control field 00967nam a22002537a 4500
001 - CONTROL NUMBER
control field 5690
003 - CONTROL NUMBER IDENTIFIER
control field FISKH
005 - DATE AND TIME OF LATEST TRANSACTION
control field 20250114101656.0
008 - FIXED-LENGTH DATA ELEMENTS--GENERAL INFORMATION
fixed length control field 250114b cb ||||| |||| 00| 0 eng d
020 ## - INTERNATIONAL STANDARD BOOK NUMBER
International Standard Book Number 9780746030516
040 ## - CATALOGING SOURCE
Original cataloging agency FISKH
Language of cataloging eng
Transcribing agency FISKH
Modifying agency FISKH
050 ## - LIBRARY OF CONGRESS CALL NUMBER
Classification number QH48
082 ## - DEWEY DECIMAL CLASSIFICATION NUMBER
Classification number 508.03
100 ## - MAIN ENTRY--PERSONAL NAME
Personal name Colvin, Leslie
245 ## - TITLE STATEMENT
Title The usborne living world encyclopedia /
Statement of responsibility, etc. by Leslie Colvin and Emma Speare
260 ## - PUBLICATION, DISTRIBUTION, ETC.
Place of publication, distribution, etc. London :
Name of publisher, distributor, etc. Usborne Publishing, Ltd ;
Date of publication, distribution, etc. 1999.
300 ## - PHYSICAL DESCRIPTION
Extent 128 pages :
Other physical details color illustrations;
Dimensions 26 cm.
520 ## - SUMMARY, ETC.
Summary, etc. This book is full of informative and interes ting facts about the plants and animals around us. It is arr anged by environments and habitats, to emphasize how living things interact with each other and their ever-changing natu ral world. '
650 ## - SUBJECT ADDED ENTRY--TOPICAL TERM
Topical term or geographic name entry element encyclopedia
Form subdivision non-fiction
700 ## - ADDED ENTRY--PERSONAL NAME
Personal name Bowring, Isabel
Relator term illustrator
700 ## - ADDED ENTRY--PERSONAL NAME
Personal name Chen, Kuo Kang
Relator term illustrator
942 ## - ADDED ENTRY ELEMENTS (KOHA)
Source of classification or shelving scheme Dewey Decimal Classification
Koha item type Books
Suppress in OPAC No
Holdings
Withdrawn status Lost status Source of classification or shelving scheme Damaged status Not for loan Collection Home library Current library Shelving location Date acquired Total Checkouts Full call number Barcode Date last seen Date last checked out Price effective from Koha item type
    Dewey Decimal Classification     Non-Fiction Footprints International School Library Network Toul Tom Poung Campus Footprints International School Library Network Toul Tom Poung Campus TTP Secondary Non-Fiction Bookshelves 01/14/2025 1 COL 508.03 QH48 2025-0029 08/20/2025 08/20/2025 01/14/2025 Books